| 000 | 00767nam a2200205Ii 4500 | ||
|---|---|---|---|
| 003 | JO-AjNU | ||
| 008 | 230605s9999||||xx |||||||||||||| ||und|| | ||
| 040 |
_aJO-AjNU _bara _erda _cJO-AjNU |
||
| 041 | _aara | ||
| 050 | 1 | 4 | _aBP144.T38 1998 |
| 100 | 3 |
_aطوالبة، علي حسن, _eauthor _946498 |
|
| 245 | 0 | 0 | _aجريمة القذف : دراسة مقارنة بين الشريعة الإسلامية والقوانين الوضعية |
| 250 | _aط1 | ||
| 264 | 3 | 1 | _aعمان: مكتبة دار الثقافة للنشر والتوزيع، 1998 |
| 300 | _a192ص | ||
| 336 |
_atext _btxt _2rdacontent |
||
| 337 |
_aunmediated _bn _2rdamedia |
||
| 338 |
_avolume _bnc _2rdacarrier |
||
| 650 | 4 |
_aالقذف- فقه اسلامي- قانون وتشريعات _946499 |
|
| 999 |
_aA20233 _c23801 _d23801 |
||